000 00484nam a22001697a 4500
003 OSt
005 20140311163156.0
008 140226t xxu||||| |||| 00| 0 eng d
020 _a0590535552
050 _aQA 135.5
_b.K16 1995
100 _aKanter, Patsy
_930651
245 _aQuick-and-easy learning centers :
_bMath /
_cPatsy Kanter.
260 _aNew York :
_bScholastic Professional Books,
_c1995.
300 _a48 p. :
_bill. ;
_c28 cm.
942 _2lcc
_cBK-TR
999 _c42384
_d42384